Statistiken für Hauptstadt Flagge + Umriss

Klicken Sie hier um das Quiz zu spielen!

Allgemein

  • Dieses Quiz wurde 105 mal gespielt
  • Das Durchschnittsergebnis liegt bei 9 aus 12

Antwortstatistiken

Antwort% Korrekt
Berlin
100%
Paris
93%
Canberra
92%
Lissabon
91%
Peking
90%
Kairo
84%
Ottawa
82%
Vaduz
70%
Havanna
65%
Hanoi
64%
Santiago de Chile
63%
Antananarivo
39%

Verteilung der Resultate

Perzentil nach korrekt beantworteten Fragen

Anzahl Personen mit jedem Resultat

Ihre Resultats-Entwicklung

Sie haben dieses Quiz noch nicht gespielt